000
00242nam a2200133Ia 4500
100
_a
Festo
942
_c
BK
654
_a
Pneumatics
245
_a
Pneumatics
260
_b
Festo
082
_a
621.5
_b
PAN
546
_a
ENGLISH
999
_c
17864
_d
17864